| 000 | 00341pam a2200133 a 4500 | ||
|---|---|---|---|
| 020 | _c | ||
| 041 | _h | ||
| 082 |
_a741.6 _bLUP |
||
| 100 | _aEllen Lupton and Abbott millon. | ||
| 245 |
_aThe A B C`S of the Bauhaus and Design Theory _hTextual Documents |
||
| 260 |
_a[s.l]: _bThames and Hudson |
||
| 300 |
_a62: _bpaper. |
||
| 930 | _a7211 | ||
| 999 |
_c241001 _d241001 |
||